ARRUPE JESUIT UNIVERSITY

CORONAVIRUS -STOP THE SPREAD - CLEAN,DISINFECT,COVER

Spinoza et la libertÚ des hommes (Record no. 62455)

MARC details
000 -LEADER
fixed length control field 00535nam a2200217Ia 4500
003 - CONTROL NUMBER IDENTIFIER
control field 0100
008 - FIXED-LENGTH DATA ELEMENTS--GENERAL INFORMATION
fixed length control field 130303s9999 xx 000 0 und d
040 ## - CATALOGING SOURCE
Transcribing agency ARRUPELIB
050 ## - LIBRARY OF CONGRESS CALL NUMBER
Classification number B3998.P77 1967
300 ## - PHYSICAL DESCRIPTION
Other physical details 19cm.
100 ## - MAIN ENTRY--PERSONAL NAME
Personal name PrÚposiet, Jean
245 ## - TITLE STATEMENT
Title Spinoza et la libertÚ des hommes
260 ## - PUBLICATION, DISTRIBUTION, ETC. (IMPRINT)
Place of publication, distribution, etc Paris
260 ## - PUBLICATION, DISTRIBUTION, ETC. (IMPRINT)
Name of publisher, distributor, etc Gallimard
260 ## - PUBLICATION, DISTRIBUTION, ETC. (IMPRINT)
-- 1967
300 ## - PHYSICAL DESCRIPTION
Extent 315p.
440 ## - SERIES STATEMENT/ADDED ENTRY--TITLE
Title Essais No. 130
650 ## - SUBJECT ADDED ENTRY--TOPICAL TERM
Topical term following geographic name as entry element Lord's supper--History of doctrines
650 ## - SUBJECT ADDED ENTRY--TOPICAL TERM
Location of event Lord's supper--Catholic church
942 ## - ADDED ENTRY ELEMENTS (KOHA)
Source of classification or shelving scheme Library of Congress Classification
Koha issues (borrowed), all copies 1
Holdings
Withdrawn status Lost status Source of classification or shelving scheme Damaged status Not for loan Collection code Home library Current library Shelving location Date acquired Total Checkouts Full call number Barcode Date last seen Date checked out Copy number Price effective from Koha item type
    Library of Congress Classification     Main Collection ARRUPE LIBRARY ARRUPE LIBRARY   05/03/2013 1 B3998.P77 1967 46003095720 10/09/2014 02/09/2014 1 05/03/2013 Monograph ( Printed materials)

 

Arrupe Library. PO Box MP320 Mt Pleasant, Harare, Zimbabwe
263 242 745411|librarian@aju.ac.zw